Missing Word: Canada by the Letter Quiz Stats

 Plays Quiz Updated Sep 22, 2018

Score 0/6 Timer 02:00
0 Plays Today
Fact Answer % Correct
Canada first hosted the Winter Olympics in 1988 in _____Calgary
89%
Canada is one of only six countries that border the _____ OceanArctic
87.8%
Canadian celebrities include Justin Bieber, Celine Dion, and _____ TrebekAlex
80.1%
Canada signed _____ in 1993, alongside the US and MexicoNAFTA
70.3%
What's now called 'Canada Day' was known as _____ Day until 1982Dominion
32.1%
The northernmost permanently populated settlement in the world is _____, CanadaAlert
15.6%

Today's Daily Dose

You're not logged in!

Compare scores with friends on all Sporcle quizzes.
OR
Log In

Sporcle TV

Today on Sporcle TV


Watch our educational content, quiz creation guides, and fun videos on Sporcle TV.

Show Comments

Extras

Top Quizzes Today


Score Distribution

Your Account Isn't Verified!

In order to create a playlist on Sporcle, you need to verify the email address you used during registration. Go to your Sporcle Settings to finish the process.

Report this User

Report this user for behavior that violates our Community Guidelines.

Details: